| 000 | 00507nam a2200181Ia 4500 | ||
|---|---|---|---|
| 003 | GCL | ||
| 008 | 140319s9999 xx 000 0 ara d | ||
| 040 |
_aGCL / _cGCL |
||
| 082 | 0 | 4 |
_a811.008 _bا ا |
| 100 | 1 | _aابراهيم ناجى | |
| 245 | 1 | 0 |
_aابراهيم ناجى : قصائد / _cابراهيم ناجى |
| 700 | 1 | _aاحمد عبدالمعطى حجازى | |
| 300 | _a109 ص | ||
| 490 | _a | ||
| 650 | 0 | 4 | _aالادب العربى |
| 650 | 0 | 4 | _aالشعر - مجموعات |
| 942 |
_2ddc _cBK |
||
| 999 |
_c41512 _d41512 |
||